000 01194nam a2200325 a 4500
001 12434
003 BD-RjUL
005 20211208235307.0
008 140128s1987 flua b 001 0 eng
020 _a0849363993 (volume II, Part B)
020 _a0849363950 (series)
020 _a0849363977 (volume II, set)
035 _aCURL 980083007774(Lc ) from mbc173
_a(BD-RjUL)12483
040 _aUkOxU
_beng
_cUkOxU
_dBD-RjUL
041 _aeng
082 0 4 _a547.41
_bSCI 1987
245 0 0 _aScience and Technology of Tributyl phosphate /
_ceditors, Wallace W. Schulz, James D. Navratil, Teresa Bess.
260 _aBoca Raton, Florida :
_bCRC Press,
_cc1987.
300 _a[10], 146 p.:
_bill. ;
_c27 cm
504 _aIncludes bibliographical references and indices
650 0 _aTributyl phosphate
_938656
650 0 _aTributyl phosphate
_xAnalysis
_938657
650 0 _aTributyl phosphate
_xIndustrial applications
_938658
700 1 _aSchulz, Wallace W., ed.
_938659
700 1 _aNavratil, James D.,ed.
_d1941-
_938660
700 1 _aBess, Teresa, ed.
_938661
740 0 _aApplications of tributyl phosphate in nuclear fuel reprocessing
942 _2ddc
_cBK
999 _c12434
_d12434